IFM Opac

Pension Schemes (Record no. 5829)

MARC details
000 -LEADER
fixed length control field 00366nam a2200157Ia 4500
008 - FIXED-LENGTH DATA ELEMENTS--GENERAL INFORMATION
fixed length control field 150509s9999 xx 000 0 und d
082 ## - DEWEY DECIMAL CLASSIFICATION NUMBER
Classification number 331.252 MIT
100 ## - MAIN ENTRY--PERSONAL NAME
Personal name Mitchell, John Keith
245 ## - TITLE STATEMENT
Title Pension Schemes
260 ## - PUBLICATION, DISTRIBUTION, ETC.
Place of publication, distribution, etc. London:
260 ## - PUBLICATION, DISTRIBUTION, ETC.
Name of publisher, distributor, etc. Stone & Cox
260 ## - PUBLICATION, DISTRIBUTION, ETC.
Date of publication, distribution, etc. 1968
300 ## - PHYSICAL DESCRIPTION
Extent 107p. ;21cm
500 ## - GENERAL NOTE
General note Index
650 ## - SUBJECT ADDED ENTRY--TOPICAL TERM
Topical term or geographic name entry element Pensionslabor economics
Holdings
Withdrawn status Lost status Source of classification or shelving scheme Damaged status Not for loan Home library Current library Shelving location Date acquired Total Checkouts Full call number Barcode Date last seen Price effective from Koha item type
Withdrawn   Dewey Decimal Classification     IFM Main Campus Library IFM Main Campus Library Archival Collection 05/15/2015   331.252 MIT 0000009611 05/15/2015 05/15/2015 Books
Withdrawn   Dewey Decimal Classification     IFM Main Campus Library IFM Main Campus Library Archival Collection 01/26/2016   331.252 MIT 0000015569 01/26/2016 01/26/2016 Books
Withdrawn   Dewey Decimal Classification     IFM Main Campus Library IFM Main Campus Library Archival Collection 01/26/2016   331.252 MIT 0000009612 01/26/2016 01/26/2016 Books
Withdrawn   Dewey Decimal Classification     IFM Main Campus Library IFM Main Campus Library Archival Collection 01/26/2016   331.252 MIT 0000009613 01/26/2016 01/26/2016 Books
Withdrawn   Dewey Decimal Classification     IFM Main Campus Library IFM Main Campus Library Archival Collection 01/26/2016   331.252 MIT 0000002318 01/26/2016 01/26/2016 Books